000 00725nam a2200253Ia 4500
003 OSt
005 20220918200417.0
006 a|||||r|||| 00| 0
007 ta
008 220917b |||||||| |||| 00| 0 eng d
024 _a88,623
037 _cTextual
040 _aARTS
_cARTS
_beng
041 _2eng
_aeng
082 _aU2.1, fL6 (=)
100 _aShort Nicholas M
_993912
245 0 _aMission to earth
_b landsat views the world
260 _aWashington
_bNational Aeronautics and Space Administration
_c1976
300 _aix,457p. illus
_ccm.
500 _aApp 437-57p (A-C)
650 _aPHYSICAL GEOGRAPHY
942 _hU2.1, fL6 (=)
_cTEXL
_2CC
999 _c212293
_d212293